| 000 | 00645nam a2200205Ia 4500 | ||
|---|---|---|---|
| 003 | GCL | ||
| 008 | 140319s9999 xx 000 0 eng d | ||
| 020 | _a1559722770 | ||
| 040 |
_aGCL / _cGCL |
||
| 082 | 0 | 4 |
_a973.929092 _bF D |
| 100 | 1 | _aFICK, PAUL M | |
| 245 | 1 | 0 |
_aTHE DYSFUNCTIONAL PRESIDENT : _bINSIDE THE MIND OF BILL CLINTON / _cFICK, PAUL M |
| 260 |
_aنيويورك : _bCAROL PUBLISHING GROUP ، _c1995 |
||
| 300 |
_a23 P ؛ _cV111, 240 P |
||
| 490 |
_aA BRICH LANE PRESS BOOK _v0 |
||
| 650 | 0 | 4 | _aUNITED STATES - POLITICS AND GOVERNMENT |
| 650 | 0 | 4 | _aCLINTON, BILL, 1946 - |
| 650 | 0 | 4 | _aCLINTON, BILL - PSYCHOLOGY |
| 942 |
_2ddc _cBK |
||
| 999 |
_c4464 _d4464 |
||